Bomarzo

Na minha lista:
Detalhes bibliográficos
Autor principal: Mujica Lainez, Manuel (autor)
Formato: Livro
Idioma:espanhol
Publicado em: Barcelona Seix Barral 1985
Colecção:Literatura contemporánea Seix Barral, 37-38
Assuntos:
Tags: Adicionar Tag
Sem tags, seja o primeiro a adicionar uma tag!

MARC

LEADER 00000cam a2200000 a 4500
001 UCY1576
003 CL-VaPUC
008 940907e19850000SP |||||||||||||||||spa|d
020 |a 8432220337o.c 
020 |a 8432220345v.1 
082 0 4 |a Ar863  |b MUJ  |2 21 
100 |a Mujica Lainez, Manuel  |e autor  |9 329588 
245 1 0 |a Bomarzo 
300 |a 2 v 
942 |c BK 
945 |d 19940907 00:00:00  |a rbrito 
260 |a Barcelona  |b Seix Barral  |c 1985 
650 0 |a Novelas argentinas  |9 267871 
583 |a last modification  |c 20160907 09:21:48  |k Rodrigo Vera 
490 0 |a Literatura contemporánea Seix Barral, 37-38 
999 |c 230236  |d 230234 
952 |0 0  |1 0  |4 0  |6 AR_863_000000000000000_MUJ_1985  |7 0  |8 A  |9 232305  |a BIBEDU  |b BIBEDU  |d 2019-11-15  |h v.1  |i 3014207  |o Ar863 MUJ 1985  |p 3014207  |r 2019-11-15  |w 2019-11-15  |y BK  |k EDU 
952 |0 0  |1 0  |4 0  |6 AR_863_000000000000000_MUJ_1985  |7 0  |8 A  |9 232306  |a BIBEDU  |b BIBEDU  |d 2019-11-15  |h v.2  |i 3014193  |o Ar863 MUJ 1985  |p 3014193  |r 2019-11-15  |w 2019-11-15  |y BK  |k EDU